|
|
|
|
| LEADER |
00000nam0a2200000 4500 |
| 001 |
1694 |
| 005 |
20231030173347.0 |
| 010 |
|
|
|a 5761100207
|
| 035 |
|
|
|a (RuTPU)RU\TPU\book\1702
|
| 035 |
|
|
|a BOOK00001704
|
| 090 |
|
|
|a 1694
|
| 100 |
|
|
|a 20011209d1995 m y0rusy50 ca
|
| 101 |
0 |
|
|a rus
|
| 102 |
|
|
|a RU
|
| 105 |
|
|
|a y j 000zy
|
| 200 |
1 |
|
|a Органическая химия
|e Пособие для абитуриентов и ст.классов
|f И. А. Фрейфельд
|
| 210 |
|
|
|a Москва
|c Московский лицей
|d 1995
|
| 215 |
|
|
|a 139 с.
|
| 610 |
1 |
|
|a органическая химия
|
| 610 |
1 |
|
|a пособия для поступающих
|
| 610 |
1 |
|
|a контрольные задания
|
| 675 |
|
|
|a 547(075.3)
|v 3
|
| 700 |
|
1 |
|a Фрейфельд
|b И. А.
|g Илья Александрович
|
| 801 |
|
0 |
|a RU
|b 63413507
|c 20011209
|g PSBO
|
| 801 |
|
2 |
|a RU
|b 63413507
|c 20200703
|g PSBO
|
| 942 |
|
|
|c BK
|